000 00498nam a22001937a 4500
001 23495
003 BD-RjUL
005 20211209000934.0
008 140311b1985 B ||||| |||| 00| 0 eng d
035 _a(BD-RjUL)23560
040 _aBD-RjUL
_beng
_cBD-RjUL
041 _aeng
082 _a891.443
_bOSK 1985
100 _aOsman, shaukat
_970772
245 _aThe king and the serpents /
_cshaukat Osman
260 _aDhaka :
_bBangla academy,
_c1985
300 _a95 p. ;
_c28 cm.
942 _2ddc
_cBK
999 _c23495
_d23495